000 00968nam a2200253Ia 4500
003 OSt
005 20220930092850.0
006 a|||||r|||| 00| 0
007 ta
008 220926b |||||||| |||| 00| 0 eng d
024 _a25699
037 _cTheses
040 _aCRL
_cCRL
_beng
041 _2eng
_aeng
100 _aChakma Joy Kumar
_9549899
110 _aUniversity OF Delhi. Faculty OF Medical Sciences. Department OF Community Health Administration
245 0 _aStudy of knowledge, attitude and practices of healthy lifestyle profile of identified risk factors of non - communicable diseases (NCDs) among college students of Delhi University
260 _c2015
650 _aCOMMUNITY HEALTH SERVICES
700 _a Dr. Sanjay Gupta Gu.
_9532758
700 _aUniversity OF Delhi. Faculty OF Medical Sciences. Department OF Community Health Administration
942 _cDIS
_2CC
999 _c884415
_d884415